Personnages jouables de Mario Kart 8 Deluxe - Statistiques

Statistiques générales
  • Ce quiz a été pris 269 fois
  • Le résultat moyen est 31 sur 42
Statistiques - réponses
1ere apparition Perso % Correct
Super Mario Kart Luigi
100%
Super Mario Kart Mario
100%
Super Mario Kart Peach
99%
Super Mario Kart Bowser
98%
Mario Kart : Double Dash!! Daisy
94%
Super Mario Kart Donkey Kong
91%
Super Mario Kart Yoshi
91%
Mario Kart 8 (DLC) Link
85%
Mario Kart 64 Wario
84%
Mario Kart : Double Dash!! Bébé Mario
83%
Mario Kart : Double Dash!! Bowser Jr.
83%
Super Mario Kart Toad
83%
Mario Kart : Double Dash!! Waluigi
83%
Mario Kart Wii Harmonie
82%
Mario Kart : Double Dash!! Bébé Luigi
81%
Mario Kart Wii Bébé Peach
80%
Super Mario Kart Koopa
80%
Mario Kart Wii Bébé Daisy
78%
Mario Kart : Double Dash!! Roi Boo
73%
Mario Kart 8 (DLC) Villageois
73%
Mario Kart 8 (DLC) Villageoise
73%
Mario Kart 8 Mario d'or / Mario de métal
71%
Mario Kart 8 Bébé Harmonie
70%
Mario Kart DS Maskass
70%
Mario Kart 8 Larry
67%
Mario Kart : Double Dash!! Toadette
67%
Mario Kart 8 (DLC) Marie
66%
Mario Kart Wii Bowser Skelet
65%
Mario Kart 8 Morton
65%
Mario Kart DS Skelerex
65%
Mario Kart 8 Deluxe Fille Inkling
64%
Mario Kart 8 Deluxe Garçon Inkling
64%
Mario Kart Wii Mii
64%
Mario Kart 8 Peach d'or rose
63%
Mario Kart 8 Roy
63%
Mario Kart 8 Ludwig
62%
Mario Kart 8 Wendy
60%
Mario Kart 8 Lemmy
59%
Mario Kart 8 Iggy
56%
Mario Kart 7 Lakitu
56%
Mario Kart 8 (DLC) Mario Tanuki
54%
Mario Kart 8 (DLC) Peach chat
53%
Aucun quiz correspondant
Distribution des résultats
% des personnes avec chaque résultat
Percentile par nombre de réponses
Votre historique - résultats
Vous n’avez pas pris ce quiz